An atlas of world affairs / (Record no. 61230)
[ view plain ]
| 000 -LEADER | |
|---|---|
| fixed length control field | 01447pem a2200421 a 4500 |
| 001 - CONTROL NUMBER | |
| control field | 5555988 |
| 003 - CONTROL NUMBER IDENTIFIER | |
| control field | NUST-PNEC |
| 005 - DATE AND TIME OF LATEST TRANSACTION | |
| control field | 20170116180717.0 |
| 007 - PHYSICAL DESCRIPTION FIXED FIELD--GENERAL INFORMATION | |
| fixed length control field | ad|canzn |
| 008 - FIXED-LENGTH DATA ELEMENTS--GENERAL INFORMATION | |
| fixed length control field | 970527s1998 enk e 1 eng |
| 010 ## - LIBRARY OF CONGRESS CONTROL NUMBER | |
| LC control number | 97022867 |
| 020 ## - INTERNATIONAL STANDARD BOOK NUMBER | |
| International Standard Book Number | 0415106702 |
| 020 ## - INTERNATIONAL STANDARD BOOK NUMBER | |
| International Standard Book Number | 0415106710 |
| 034 0# - CODED CARTOGRAPHIC MATHEMATICAL DATA | |
| Category of scale | a |
| 040 ## - CATALOGING SOURCE | |
| Transcribing agency | PNEC |
| 050 00 - LIBRARY OF CONGRESS CALL NUMBER | |
| Classification number | G1035 |
| Item number | .B6 1998 |
| 052 ## - GEOGRAPHIC CLASSIFICATION | |
| Geographic classification area code | 3201 |
| 072 #7 - SUBJECT CATEGORY CODE | |
| Subject category code | F1 |
| Source | lcg |
| 082 00 - DEWEY DECIMAL CLASSIFICATION NUMBER | |
| Classification number | 911 BOY |
| Edition number | 21 |
| 100 1# - MAIN ENTRY--PERSONAL NAME | |
| Personal name | Boyd, Andrew, |
| Dates associated with a name | 1920- |
| 245 13 - TITLE STATEMENT | |
| Title | An atlas of world affairs / |
| Statement of responsibility, etc. | Andrew Boyd. |
| 246 30 - VARYING FORM OF TITLE | |
| Title proper/short title | World affairs |
| 250 ## - EDITION STATEMENT | |
| Edition statement | 10th ed. |
| 255 ## - CARTOGRAPHIC MATHEMATICAL DATA | |
| Statement of scale | Scales differ. |
| 260 ## - PUBLICATION, DISTRIBUTION, ETC. | |
| Place of publication, distribution, etc. | London ; |
| Name of publisher, distributor, etc. | New York : |
| -- | Routledge, |
| Date of publication, distribution, etc. | 1998. |
| 300 ## - PHYSICAL DESCRIPTION | |
| Extent | 1 atlas (252 p.) : |
| Other physical details | maps ; |
| Dimensions | 22 cm. |
| 500 ## - GENERAL NOTE | |
| General note | http://www.amazon.com/Atlas-World-Affairs-Andrew-Boyd/dp/0415106702/ref=sr_1_1?s=books&ie=UTF8&qid=1413953487&sr=1-1&keywords=0415106702 |
| 500 ## - GENERAL NOTE | |
| General note | "Simultaneously published in the USA and Canada"--Verso t.p. |
| 500 ## - GENERAL NOTE | |
| General note | "Simultaneously published in the USA and Canada"--Verso t.p. |
| 500 ## - GENERAL NOTE | |
| General note | Includes index. |
| 650 #0 - SUBJECT ADDED ENTRY--TOPICAL TERM | |
| Topical term or geographic name entry element | World politics |
| Chronological subdivision | 20th century |
| Form subdivision | Maps. |
| -- | General |
| 650 #0 - SUBJECT ADDED ENTRY--TOPICAL TERM | |
| Topical term or geographic name entry element | Historical geography |
| Form subdivision | Maps. |
| 856 42 - ELECTRONIC LOCATION AND ACCESS | |
| Materials specified | Publisher description |
| Uniform Resource Identifier | <a href="http://www.loc.gov/catdir/enhancements/fy0648/97022867-d.html">http://www.loc.gov/catdir/enhancements/fy0648/97022867-d.html</a> |
| 906 ## - LOCAL DATA ELEMENT F, LDF (RLIN) | |
| a | 7 |
| b | cbc |
| c | origcop |
| d | u |
| e | ocip |
| f | 19 |
| g | y-geogmaps |
| 942 ## - ADDED ENTRY ELEMENTS (KOHA) | |
| Source of classification or shelving scheme | |
| Koha item type | Book |
| Withdrawn status | Lost status | Source of classification or shelving scheme | Damaged status | Not for loan | Permanent Location | Current Location | Shelving location | Date acquired | Source of acquisition | Cost, normal purchase price | Total Checkouts | Full call number | Barcode | Date last seen | Cost, replacement price | Price effective from | Koha item type |
|---|---|---|---|---|---|---|---|---|---|---|---|---|---|---|---|---|---|
| Pakistan Navy Engineering College (PNEC) | Pakistan Navy Engineering College (PNEC) | Reference | 01/01/1999 | Royal Book Company | 1480.41 | 911 BOY | PNECLIB-020491 | 10/22/2014 | 1480.41 | 01/01/1999 | Book |
